<?xml version="1.0" encoding="UTF-8"?>
<record
    xmlns:xsi="http://www.w3.org/2001/XMLSchema-instance"
    xsi:schemaLocation="http://www.loc.gov/MARC21/slim http://www.loc.gov/standards/marcxml/schema/MARC21slim.xsd"
    xmlns="http://www.loc.gov/MARC21/slim">

  <leader>00200nam a22000857a 4500</leader>
  <controlfield tag="003">SGT</controlfield>
  <datafield tag="245" ind1=" " ind2=" ">
    <subfield code="a">Journal of Periodontal Research </subfield>
  </datafield>
  <datafield tag="260" ind1=" " ind2=" ">
    <subfield code="b">Wiley Blackwell</subfield>
    <subfield code="c">2012; 2013; 2015; 2016</subfield>
  </datafield>
  <datafield tag="942" ind1=" " ind2=" ">
    <subfield code="2">ddc</subfield>
    <subfield code="c">BV</subfield>
  </datafield>
  <datafield tag="952" ind1=" " ind2=" ">
    <subfield code="0">0</subfield>
    <subfield code="1">0</subfield>
    <subfield code="2">ddc</subfield>
    <subfield code="4">0</subfield>
    <subfield code="5">1</subfield>
    <subfield code="7">1</subfield>
    <subfield code="a">FD</subfield>
    <subfield code="b">FD</subfield>
    <subfield code="d">2024-12-19</subfield>
    <subfield code="h">VOL 47</subfield>
    <subfield code="i">SGTU</subfield>
    <subfield code="p">PD609</subfield>
    <subfield code="r">2024-12-19 00:00:00</subfield>
    <subfield code="w">2024-12-19</subfield>
    <subfield code="y">BV</subfield>
  </datafield>
  <datafield tag="952" ind1=" " ind2=" ">
    <subfield code="0">0</subfield>
    <subfield code="1">0</subfield>
    <subfield code="2">ddc</subfield>
    <subfield code="4">0</subfield>
    <subfield code="5">1</subfield>
    <subfield code="7">1</subfield>
    <subfield code="a">FD</subfield>
    <subfield code="b">FD</subfield>
    <subfield code="d">2024-12-19</subfield>
    <subfield code="h">VOL 48</subfield>
    <subfield code="i">SGTU</subfield>
    <subfield code="p">PD610</subfield>
    <subfield code="r">2024-12-19 00:00:00</subfield>
    <subfield code="w">2024-12-19</subfield>
    <subfield code="y">BV</subfield>
  </datafield>
  <datafield tag="952" ind1=" " ind2=" ">
    <subfield code="0">0</subfield>
    <subfield code="1">0</subfield>
    <subfield code="2">ddc</subfield>
    <subfield code="4">0</subfield>
    <subfield code="5">1</subfield>
    <subfield code="7">1</subfield>
    <subfield code="a">FD</subfield>
    <subfield code="b">FD</subfield>
    <subfield code="d">2024-12-19</subfield>
    <subfield code="h">VOL 50</subfield>
    <subfield code="i">SGTU</subfield>
    <subfield code="p">PD611</subfield>
    <subfield code="r">2024-12-19 00:00:00</subfield>
    <subfield code="w">2024-12-19</subfield>
    <subfield code="y">BV</subfield>
  </datafield>
  <datafield tag="952" ind1=" " ind2=" ">
    <subfield code="0">0</subfield>
    <subfield code="1">0</subfield>
    <subfield code="2">ddc</subfield>
    <subfield code="4">0</subfield>
    <subfield code="5">1</subfield>
    <subfield code="7">1</subfield>
    <subfield code="a">FD</subfield>
    <subfield code="b">FD</subfield>
    <subfield code="d">2024-12-19</subfield>
    <subfield code="h">VOL 51</subfield>
    <subfield code="i">SGTU</subfield>
    <subfield code="p">PD612</subfield>
    <subfield code="r">2024-12-19 00:00:00</subfield>
    <subfield code="w">2024-12-19</subfield>
    <subfield code="y">BV</subfield>
  </datafield>
  <datafield tag="999" ind1=" " ind2=" ">
    <subfield code="c">28256</subfield>
    <subfield code="d">28256</subfield>
  </datafield>
</record>
